Nester's microbiology : a human perspective. / (Record no. 10384)

MARC details
000 -LEADER
fixed length control field 01866cam a2200241 i 4500
003 - CONTROL NUMBER IDENTIFIER
control field OSt
005 - DATE AND TIME OF LATEST TRANSACTION
control field 20240828153723.0
008 - FIXED-LENGTH DATA ELEMENTS--GENERAL INFORMATION
fixed length control field 140611t20162016nyuab 001 0 eng
020 ## - INTERNATIONAL STANDARD BOOK NUMBER
International Standard Book Number 9780073522593
040 ## - CATALOGING SOURCE
Transcribing agency WIUC
050 00 - LIBRARY OF CONGRESS CALL NUMBER
Classification number QR41.2.M48
082 ## - DEWEY DECIMAL CLASSIFICATION NUMBER
Edition number dc23
Classification number 616.9'041
245 10 - TITLE STATEMENT
Title Nester's microbiology : a human perspective. /
Statement of responsibility, etc. Denise G. Anderson, Sarah N. Salm, Deborah P. Allen
246 30 - VARYING FORM OF TITLE
Title proper/short title Microbiology
250 ## - EDITION STATEMENT
Edition statement 8th ed.
260 ## - PUBLICATION, DISTRIBUTION, ETC.
Place of publication, distribution, etc. New York, NY :
Name of publisher, distributor, etc. McGraw-Hill Education,
Date of publication, distribution, etc. 2016.
300 ## - PHYSICAL DESCRIPTION
Extent xxi, 815 p. :
Other physical details ills.: color maps ;
Dimensions 29 cm
500 ## - GENERAL NOTE
General note Includes index.
505 ## - FORMATTED CONTENTS NOTE
Formatted contents note Content: Part I. Life and death of microorganisms -- Humans and the microbial world -- The molecules of life -- Microscopy and cell structure -- Dynamics of microbial growth -- Control of microbial growth -- Metabolism : fueling cell growth -- The blueprint of life, from DNA to protein -- Bacterial genetics -- Biotechnology and recombinant DNA --Part. 2. The microbial world -- Identifying and classifying microorganisms -- The diversity of bacteria and archaea -- The eukaryotic members of the microbial world -- Viruses, Viroids, and prions -- Part. 3. Microorganisms and humans -- The innate immune response -- The adaptive immune response -- Host-microbe interactions -- Immunologic disorders -- Applications of immune responses -- Epidemiology -- Antimicrobial medications -- Part. 4. Infectious diseases -- Respiratory system infections -- Skin infections -- Wound infections -- Digestive system infections -- Blood and lymphatic infections -- Nervous system infections -- Genitourinary tract infections -- Part. 5. Applied microbiology -- Microbial ecology -- Environmental microbiology : treatment of water, wastes, and polluted habitats -- Food microbiology.
700 1# - ADDED ENTRY--PERSONAL NAME
Personal name Salm, Sarah.
9 (RLIN) 3018
700 1# - ADDED ENTRY--PERSONAL NAME
Personal name Allen, Deborah
9 (RLIN) 3019
942 ## - ADDED ENTRY ELEMENTS (KOHA)
Source of classification or shelving scheme Library of Congress Classification
Koha item type Books
Holdings
Withdrawn status Lost status Source of classification or shelving scheme Damaged status Not for loan Home library Current library Date acquired Total Checkouts Full call number Barcode Date last seen Copy number Price effective from Koha item type
    Library of Congress Classification     WISCONSIN INTERNATIONAL UNIVERSITY COLLEGE, GHANA KUMASI LIBRARY WISCONSIN INTERNATIONAL UNIVERSITY COLLEGE, GHANA KUMASI LIBRARY 23/08/2024   QR41.2.M48(5e) KSN/1363/104/24 23/08/2024 1 23/08/2024 Books
    Library of Congress Classification     WISCONSIN INTERNATIONAL UNIVERSITY COLLEGE, GHANA KUMASI LIBRARY WISCONSIN INTERNATIONAL UNIVERSITY COLLEGE, GHANA KUMASI LIBRARY 23/08/2024   QR41.2.M481(5e) KSN/1364/105/24 23/08/2024 2 23/08/2024 Books

If you have any concerns or questions; kindly contact the library


© Powered by WIUC ICT DIRECTORATE